| 000 | 00416nam a2200169Ia 4500 | ||
|---|---|---|---|
| 005 | 20240801040617.0 | ||
| 008 | 240331s9999 xx 000 0 und d | ||
| 082 |
_bJUV _a376 |
||
| 100 | _aJuvigny, P | ||
| 245 | 4 | _aThe fight against discrimination towards equality in education | |
| 260 |
_aParis _bUnesco _c1963 |
||
| 300 | _a84 p ., | ||
| 650 | _aHistory | ||
| 650 | _aEconomic | ||
| 650 | _aSocial | ||
| 942 | _cL | ||
| 999 |
_c2990 _d2990 |
||